000 00804nam a2200229 a 4500
001 12990
003 BD-JhCC
005 20230611094141.0
008 230611s2019 bg |||| |||| 000 0 ben d
020 _a9789849400189
035 _a(BD-JhCC)12990
040 _aBD-JhCC
_dBD-JhCC
041 _aeng
082 _a530
_bHAW 2019
100 _aহকিং, স্টিফেন
245 _aবড় প্রশ্নের সংক্ষিপ্ত উত্তর /
_cস্টিফেন হকিং; আশরাফ মাহমুদ (অনু.)
260 _aঢাকা :
_bরাত্রি প্রকাশনী,
_c২০১৯
300 _a১৬৭ পৃ. :
_c২০ সেমি.
650 _aPhysics
700 _aমাহমুদ, আশরাফ
942 _2ddc
_cBK
999 _c12990
_d12990